I diritti delle persone LGBT nella giurisprudenza CEDU /

Guardat en:
Dades bibliogràfiques
Autor principal: Praduroux, Sabrina, (1976- )
Format: Llibre
Idioma:italià
Publicat: Vicalvi : Key, 2016
Col·lecció:Il diritto in Europa oggi ; 13
Matèries:
Etiquetes: Afegir etiqueta
Sense etiquetes, Sigues el primer a etiquetar aquest registre!

MARC

LEADER 00000nam a22000007i 4500
001 IT\ICCU\RMG\0299386
003 ItRI
005 20250428135050.0
008 160721s2016 it |||||| ||||| |||||c
020 |a 9788869595523 
040 |b ita  |c Comunitas 
041 7 |a ita  |2 ISO-639-2 
100 1 |a Praduroux, Sabrina,  |d  (1976- )  |0 IT\ICCU\CFIV\259823 
245 1 2 |a I diritti delle persone LGBT nella giurisprudenza CEDU /  |c Sabrina Praduroux. 
260 |a Vicalvi :  |b Key,  |c 2016 
300 |a 80 p. ;  |c 21 cm 
650 7 |a Omosessuali [e] Transessuali  |x Diritti civili  |x Giurisprudenza [della] Corte europea dei diritti dell'uomo  |2 nsbncf 
830 3 |a Il diritto in Europa oggi ;  |v 13  |0 IT\ICCU\RMG\0297521 
942 |2 ddc  |c BK 
952 |0 0  |1 0  |2 ddc  |4 0  |6 323_326000000000000_PRA_DIR  |7 0  |9 4024  |a AN  |b AN  |d 2025-04-28  |l 0  |o 323.326 PRA DIR  |p 11209  |r 2025-04-28 13:53:35  |w 2025-04-28  |y BK 
981 1 |6 z01  |a i   |b xxxe  
982 1 |6 z01  |a n 
999 |c 3126  |d 3126